Pokemon TCG Base Set (1999) - Statistics

General Stats
  • This quiz has been taken 52 times
  • The average score is 51 of 102
Answer Stats
#16 Rarity Answer % Correct
4 Holofoil Rare Charizard
100%
2 Holofoil Rare Blastoise
96%
15 Holofoil Rare Venusaur
96%
10 Holofoil Rare Mewtwo
92%
30 Uncommon Ivysaur
88%
14 Holofoil Rare Raichu
88%
1 Holofoil Rare Alakazam
83%
44 Common Bulbasaur
83%
24 Uncommon Charmeleon
83%
8 Holofoil Rare Machamp
83%
58 Common Pikachu
83%
63 Common Squirtle
83%
43 Common Abra
79%
17 Rare Beedrill
79%
46 Common Charmander
79%
26 Uncommon Dratini
79%
32 Uncommon Kadabra
79%
42 Uncommon Wartortle
79%
45 Common Caterpie
75%
3 Holofoil Rare Chansey
75%
18 Rare Dragonair
75%
7 Holofoil Rare Hitmonchan
75%
33 Uncommon Kakuna
75%
34 Uncommon Machoke
75%
52 Common Machop
75%
98 Base Energy Fire Energy
71%
22 Rare Pidgeotto
71%
57 Common Pidgey
71%
102 Base Energy Water Energy
71%
69 Common Weedle
71%
99 Base Energy Grass Energy
67%
28 Uncommon Growlithe
67%
54 Common Metapod
67%
55 Common Nidoran M
67%
23 Uncommon Arcanine
63%
20 Rare Electabuzz
63%
6 Holofoil Rare Gyarados
63%
29 Uncommon Haunter
63%
11 Holofoil Rare Nidoking
63%
59 Common Poliwag
63%
50 Common Gastly
58%
35 Uncommon Magikarp
58%
36 Uncommon Magmar
58%
9 Holofoil Rare Magneton
58%
37 Uncommon Nidorino
58%
38 Uncommon Poliwhirl
58%
13 Holofoil Rare Poliwrath
58%
39 Uncommon Porygon
58%
101 Base Energy Psychic Energy
58%
16 Holofoil Rare Zapdos
58%
97 Base Energy Fighting Energy
54%
12 Holofoil Rare Ninetales
54%
61 Common Rattata
54%
25 Uncommon Dewgong
50%
47 Common Diglett
50%
40 Uncommon Raticate
50%
41 Uncommon Seel
50%
64 Common Starmie
50%
65 Common Staryu
50%
68 Common Vulpix
50%
5 Holofoil Rare Clefairy
46%
19 Rare Dugtrio
46%
49 Common Drowzee
46%
31 Uncommon Jynx
46%
53 Common Magnemite
46%
56 Common Onix
46%
60 Common Ponyta
46%
88 Uncommon Professor Oak
46%
48 Common Doduo
42%
51 Common Koffing
42%
62 Common Sandshrew
42%
66 Common Tangela
42%
100 Base Energy Lightning Energy
38%
94 Common Potion
38%
21 Rare Electrode
33%
27 Uncommon Farfetch'd
29%
67 Common Voltorb
29%
91 Common Bill
21%
87 Uncommon Pokédex
21%
85 Uncommon Pokémon Center
21%
89 Uncommon Revive
21%
96 Uncommon Double Colorless Energy
17%
90 Uncommon Super Potion
17%
82 Uncommon Full Heal
13%
95 Common Switch
13%
92 Common Energy Removal
8%
81 Uncommon Energy Retrieval
8%
93 Common Gust of Wind
8%
74 Rare Item Finder
8%
76 Rare Pokémon Breeder
8%
79 Rare Super Energy Removal
8%
70 Rare Clefairy Doll
4%
71 Rare Computer Search
4%
80 Uncommon Defender
4%
72 Rare Devolution Spray
4%
75 Rare Lass
4%
83 Uncommon Maintenance
4%
84 Uncommon PlusPower
4%
86 Uncommon Pokémon Flute
4%
77 Rare Pokémon Trader
4%
78 Rare Scoop Up
4%
73 Rare Imposter Professor Oak
0%
No matching quizzes found
Score Distribution
Percent of People with Each Score
Percentile by Number Answered
Your Score History
You have not taken this quiz